|
|
|
|
| LEADER |
00905aam a22002298a 4500 |
| 001 |
00037573 |
| 008 |
170513s2000 ||||||Viesd |
| 005 |
20171109111116.0 |
| 041 |
0 |
# |
|a Vie
|
| 082 |
1 |
4 |
|a 306.4
|b Đ455N
|
| 245 |
1 |
0 |
|a Đông Nam Á những vấn đề văn hóa - xã hội
|
| 260 |
# |
# |
|a TP. Hồ Chí Minh
|b Đại học quốc gia
|c 2000
|
| 300 |
# |
# |
|a 278tr.
|c 27cm.
|
| 500 |
# |
# |
|a ĐTTS ghi: Đại học Quốc gia Thành Phố hồ Chí Minh. Trường Đại học Khoa học xã hội nhân văn. Trung tâm nghiên cứu Việt Nam - Đông Nam Á
|
| 653 |
# |
# |
|a Dân tộc
|
| 653 |
# |
# |
|a Đông Nam Á
|
| 653 |
# |
# |
|a Xã hội
|
| 653 |
# |
# |
|a Văn hóa
|
| 852 |
# |
# |
|b Kho đọc
|j KD.0020130
|
| 852 |
# |
# |
|j KD.0020130
|j KM.0023522
|
| 910 |
|
|
|d 13/05/2017
|
| 980 |
# |
# |
|a Trung tâm Học liệu Lê Vũ Hùng, Trường Đại học Đồng Tháp
|